Statistics for Countries least dependant on fossil fuels

Click here to take the quiz!

General Stats

  • This quiz has been taken 42 times
  • The average score is 5 of 10

Answer Stats

% of fuel that is non-fossilCountry% Correct
48.5Sweden
97%
34.0Norway
95%
89.0Iceland
87%
31.5New Zealand
64%
39.5Switzerland
59%
47.0France
54%
38.7Costa Rica
26%
64.2Tajikistan
10%
33.8El Salvador
8%
29.5Kyrgyzstan
8%

Score Distribution

Percentile by Number Answered

Percent of People with Each Score

Your Score History

You have not taken this quiz